<?xml version="1.0" encoding="UTF-8"?>
<record
    xmlns:xsi="http://www.w3.org/2001/XMLSchema-instance"
    xsi:schemaLocation="http://www.loc.gov/MARC21/slim http://www.loc.gov/standards/marcxml/schema/MARC21slim.xsd"
    xmlns="http://www.loc.gov/MARC21/slim">

  <leader>01736nas a2200457 c 4500</leader>
  <controlfield tag="001">85815</controlfield>
  <controlfield tag="003">SpMaBN</controlfield>
  <controlfield tag="005">20260416162251.0</controlfield>
  <controlfield tag="007">ta</controlfield>
  <controlfield tag="008">950203d19221923sp  x p       0uuub0spa  </controlfield>
  <datafield tag="016" ind1="7" ind2=" ">
    <subfield code="a">biseBNE19950041421</subfield>
    <subfield code="2">SpMaBN</subfield>
    <subfield code="z">REB940002087</subfield>
  </datafield>
  <datafield tag="022" ind1="0" ind2=" ">
    <subfield code="a">2171-1674</subfield>
    <subfield code="2">_u</subfield>
    <subfield code="y">9943-6604</subfield>
  </datafield>
  <datafield tag="035" ind1=" " ind2=" ">
    <subfield code="a">(OCoLC)733169875</subfield>
  </datafield>
  <datafield tag="035" ind1=" " ind2=" ">
    <subfield code="a">(SpMaBN)bise0000037161</subfield>
  </datafield>
  <datafield tag="040" ind1=" " ind2=" ">
    <subfield code="a">SpMaBN</subfield>
    <subfield code="b">spa</subfield>
    <subfield code="c">SIC</subfield>
    <subfield code="e">rdc</subfield>
    <subfield code="d">RABA</subfield>
  </datafield>
  <datafield tag="080" ind1=" " ind2=" ">
    <subfield code="a">78.011.26</subfield>
  </datafield>
  <datafield tag="210" ind1="0" ind2=" ">
    <subfield code="a">Canci&#xF3;n pop.</subfield>
  </datafield>
  <datafield tag="222" ind1=" " ind2="3">
    <subfield code="a">La Canci&#xF3;n popular</subfield>
  </datafield>
  <datafield tag="245" ind1="0" ind2="3">
    <subfield code="a">La Canci&#xF3;n popular :</subfield>
    <subfield code="b">revista musical</subfield>
  </datafield>
  <datafield tag="260" ind1=" " ind2=" ">
    <subfield code="a">[Madrid]</subfield>
    <subfield code="b">[La canci&#xF3;n Popular]</subfield>
    <subfield code="c">1922-1923</subfield>
    <subfield code="e">Madrid</subfield>
    <subfield code="f">Torrent y Comp.</subfield>
  </datafield>
  <datafield tag="300" ind1=" " ind2=" ">
    <subfield code="a">  v.</subfield>
    <subfield code="c">31 cm</subfield>
  </datafield>
  <datafield tag="310" ind1=" " ind2=" ">
    <subfield code="a">Irregular</subfield>
  </datafield>
  <datafield tag="362" ind1="0" ind2=" ">
    <subfield code="a">N. 1 ([abr.] 1922)-a&#xF1;o 2, n. 14 (en. 1923)</subfield>
  </datafield>
  <datafield tag="500" ind1=" " ind2=" ">
    <subfield code="a">Desde el n. 2 se encarga de la direcci&#xF3;n art&#xED;stica Julio G&#xF3;mez</subfield>
  </datafield>
  <datafield tag="500" ind1=" " ind2=" ">
    <subfield code="a">Desde el n. 12 figura como director-propietario A. Reyes Moreno</subfield>
  </datafield>
  <datafield tag="515" ind1=" " ind2=" ">
    <subfield code="a">De algunos numeros se publican nuevas ediciones</subfield>
  </datafield>
  <datafield tag="594" ind1=" " ind2=" ">
    <subfield code="a">T&#xED;tulo tomado de la cubierta</subfield>
  </datafield>
  <datafield tag="650" ind1=" " ind2="7">
    <subfield code="a">M&#xFA;sica popular</subfield>
    <subfield code="2">embne</subfield>
    <subfield code="9">10694</subfield>
  </datafield>
  <datafield tag="650" ind1=" " ind2="0">
    <subfield code="a">M&#xFA;sica-</subfield>
    <subfield code="z">Espa&#xF1;a-</subfield>
    <subfield code="v">Publicaciones peri&#xF3;dicas</subfield>
    <subfield code="9">96865</subfield>
  </datafield>
  <datafield tag="650" ind1=" " ind2="7">
    <subfield code="a">Canciones con piano y voz.</subfield>
    <subfield code="9">53593</subfield>
  </datafield>
  <datafield tag="655" ind1=" " ind2="7">
    <subfield code="a">Publicaciones peri&#xF3;dicas.</subfield>
    <subfield code="9">54133</subfield>
  </datafield>
  <datafield tag="700" ind1="1" ind2=" ">
    <subfield code="a">G&#xF3;mez, Julio</subfield>
    <subfield code="d">1886-1973</subfield>
    <subfield code="e">director de la publicaci&#xF3;n</subfield>
    <subfield code="9">47404</subfield>
  </datafield>
  <datafield tag="752" ind1=" " ind2=" ">
    <subfield code="a">Espa&#xF1;a</subfield>
    <subfield code="b">Madrid (Comunidad Aut&#xF3;noma)</subfield>
    <subfield code="d">Madrid</subfield>
    <subfield code="e">lugar de publicaci&#xF3;n</subfield>
    <subfield code="4">pup</subfield>
  </datafield>
  <datafield tag="776" ind1="0" ind2="8">
    <subfield code="i">Versi&#xF3;n en l&#xED;nea</subfield>
    <subfield code="t">Canci&#xF3;n popular (Internet)</subfield>
    <subfield code="x">2990-7136</subfield>
    <subfield code="w">991054094039708606</subfield>
  </datafield>
  <datafield tag="852" ind1=" " ind2=" ">
    <subfield code="a">M-RABA</subfield>
    <subfield code="j">Rev-2382</subfield>
  </datafield>
  <datafield tag="856" ind1="4" ind2="1">
    <subfield code="u">http://hemerotecadigital.bne.es/issn/2171-1674</subfield>
    <subfield code="y">Hemeroteca Digital</subfield>
  </datafield>
  <datafield tag="866" ind1=" " ind2=" ">
    <subfield code="a">1922, A&#xF1;o I, n. 3, n. 5, n. 7, n. 13</subfield>
  </datafield>
  <datafield tag="942" ind1=" " ind2=" ">
    <subfield code="c">PERIODICAS</subfield>
    <subfield code="n">0</subfield>
  </datafield>
  <datafield tag="952" ind1=" " ind2=" ">
    <subfield code="0">0</subfield>
    <subfield code="1">0</subfield>
    <subfield code="2">ddc</subfield>
    <subfield code="4">0</subfield>
    <subfield code="7">0</subfield>
    <subfield code="8">REVISTAS</subfield>
    <subfield code="a">RABASF</subfield>
    <subfield code="b">RABASF</subfield>
    <subfield code="c">DP1</subfield>
    <subfield code="d">2026-04-16</subfield>
    <subfield code="l">0</subfield>
    <subfield code="o">Rev-2382</subfield>
    <subfield code="p">1096939</subfield>
    <subfield code="r">2026-04-16 16:24:06</subfield>
    <subfield code="w">2026-04-16</subfield>
    <subfield code="y">PERIODICAS</subfield>
  </datafield>
  <datafield tag="980" ind1=" " ind2=" ">
    <subfield code="a">1</subfield>
  </datafield>
  <datafield tag="999" ind1=" " ind2=" ">
    <subfield code="c">85815</subfield>
    <subfield code="d">85815</subfield>
  </datafield>
</record>
